000 00674nam a2200241 i 4500
001 bg
100 1 _aSWAN, Michael.
245 0 3 _aThe new Cambridge English course.
_n1,
_pPractice /
_cMichael Swan, Catherine Walter.
250 _a[13th print. 1st publ.].
260 _aCambridge :
_bCambridge Univ. Press,
_c1995.
300 _a134 s. :
_bfot., rys. ;
_c30 cm.
500 _a13 dodr. do wyd.1 z 1990.
650 9 _aJęzyk angielski
655 _aPodręczniki
700 1 _aWALTER, Catherine.
020 _a0521376491
040 _cBPK
041 0 _aen
080 _a802.0
920 _a0-521-37649-1
942 _cKS
008 s pl f |000 0 pol
999 _c6936
_d6936
856 _uhttp://koha.tu.koszalin.pl/cgi-bin/koha/opac-detail.pl?biblionumber=6936
_yKatalog online BPK